| 000 | 01113cam a2200313 i 4500 | ||
|---|---|---|---|
| 001 | 2237667 | ||
| 005 | 20020418123714.0 | ||
| 008 | 760223s2011 enk |r 000 1 eng | ||
| 010 | _a 76353431 | ||
| 015 | _aGB74-14362 | ||
| 020 | _a1408231689 | ||
| 020 | _a9781408231685 | ||
| 040 |
_aDLC _cDLC _dDLC |
||
| 082 | 0 | 0 |
_a428.6 _222 _bCHR |
| 100 | 1 |
_aChristie, Agatha, _d1890-1976. _926154 |
|
| 245 | 1 | 4 |
_aThe Mirror Crack'd from Side to Side / _cAgatha Christie; retold by Anne Collins |
| 260 |
_aHarlow : _bPearson Education, 2011 _c2011 |
||
| 300 |
_a78 p. : _c19 cm. _bill. ; |
||
| 490 |
_925526 _aPenguin readers |
||
| 521 | _aB1: Intermediate | ||
| 650 | 0 |
_aMarple, Jane (Fictitious character) _xFiction. _926155 |
|
| 650 | 0 |
_aWomen detectives _zEngland _xFiction. _926156 |
|
| 655 | 7 |
_aDetective and mystery stories. _2gsafd _926157 |
|
| 653 |
_bENG _cJuly2011 |
||
| 700 |
_912524 _aAbrams, Anne Collins. _enrt |
||
| 942 |
_2ddc _cBB |
||
| 999 |
_c15665 _d15665 |
||